<?xml version="1.0" encoding="UTF-8"?>
<record
    xmlns:xsi="http://www.w3.org/2001/XMLSchema-instance"
    xsi:schemaLocation="http://www.loc.gov/MARC21/slim http://www.loc.gov/standards/marcxml/schema/MARC21slim.xsd"
    xmlns="http://www.loc.gov/MARC21/slim">

  <leader>03258am aa22002895004500</leader>
  <controlfield tag="003"> PE-LiUPU</controlfield>
  <controlfield tag="005">20250901155708.0</controlfield>
  <controlfield tag="008">    880701s1988    miu      b    000 0 eng d</controlfield>
  <datafield tag="020" ind1=" " ind2=" ">
    <subfield code="a">0943872448</subfield>
  </datafield>
  <datafield tag="040" ind1=" " ind2=" ">
    <subfield code="a">PE-LiUPU</subfield>
    <subfield code="b">eng</subfield>
    <subfield code="c">PE-LiUPU</subfield>
    <subfield code="e">rda</subfield>
  </datafield>
  <datafield tag="082" ind1="0" ind2="4">
    <subfield code="a">228.06</subfield>
    <subfield code="2">23</subfield>
    <subfield code="b">P327d</subfield>
  </datafield>
  <datafield tag="100" ind1="1" ind2=" ">
    <subfield code="a">Paulien, Jon,</subfield>
    <subfield code="e">autor.</subfield>
    <subfield code="9">4285</subfield>
  </datafield>
  <datafield tag="245" ind1="1" ind2="0">
    <subfield code="a">Decoding Revelation&#x2019;s Trumpets :</subfield>
    <subfield code="b">literary allusions and interpretation of Revelation 8:7&#x2013;12 /</subfield>
    <subfield code="c">por Jon Paulien.</subfield>
  </datafield>
  <datafield tag="264" ind1=" " ind2="1">
    <subfield code="a">Berrien Springs, Michigan :</subfield>
    <subfield code="b">Andrews University Press,</subfield>
    <subfield code="c">1988.</subfield>
  </datafield>
  <datafield tag="300" ind1=" " ind2=" ">
    <subfield code="a">497 p&#xE1;ginas ;</subfield>
    <subfield code="c">23 cm.</subfield>
  </datafield>
  <datafield tag="336" ind1=" " ind2=" ">
    <subfield code="a">texto</subfield>
    <subfield code="2">rdacontent</subfield>
  </datafield>
  <datafield tag="337" ind1=" " ind2=" ">
    <subfield code="a">sin medio</subfield>
    <subfield code="2">rdamedia</subfield>
  </datafield>
  <datafield tag="338" ind1=" " ind2=" ">
    <subfield code="a">volumen</subfield>
    <subfield code="2">rdacarrier</subfield>
  </datafield>
  <datafield tag="490" ind1="1" ind2=" ">
    <subfield code="a">Andrews University Seminary Doctoral Dissertation Series ;</subfield>
    <subfield code="v">Volume XI</subfield>
  </datafield>
  <datafield tag="504" ind1=" " ind2=" ">
    <subfield code="a">Incluye bibliograf&#xED;a.</subfield>
  </datafield>
  <datafield tag="505" ind1=" " ind2=" ">
    <subfield code="a">Introduction -- Chapter I. Survey of literature concerning major issues in the exegesis of Revelation&#x2019;s trumpets -- The problem of sources -- The revelation of originality -- The Apocalypse and the Old Testament -- Septuagint and Jewish apocalyptic -- The Old Testament and the Christ-event -- John&#x2019;s canonical intentions -- How John used the Old Testament -- First-century exegetical practices -- Midrash -- Typology -- Contextual interpretation -- Summary -- Chapter II. Method and the study of the Old Testament background to the book of Revelation -- The proposed method -- Structure of the proposed method -- The Old Testament source -- A method for determining allusions -- Echoes in the Apocalypse -- Internal and external evidence -- The proposed method in previous research -- Summary of criteria -- Classification of direct allusions -- The problem of allusions -- Attempting allusions: a method -- Summary and conclusion -- Appendix to Chapter I. The text tradition behind the Old Testament -- The Masoretic text -- The Samaritan Pentateuch -- The Greek versions -- The Targums -- The language of John&#x2019;s Old Testament -- Specialized studies in the text tradition -- Background of the apocalypses -- Chapter III. Interpreting the trumpets -- Exegesis of the seven trumpets in context (Rev 8:2&#x2013;6) -- Rev 8:7 -- Rev 8:8&#x2013;9 -- Rev 8:10&#x2013;11 -- Rev 8:12 -- The larger picture -- The trumpets in detail -- Structural setting of the seven trumpets -- Relation to the seven seals -- The trumpets in themselves -- General Old Testament background to the trumpets -- General New Testament background -- Importance of echoes -- Evaluation of representative echoes -- Chapter IV. Analysis of allusions to the Old Testament in Revelation 8:7&#x2013;12 -- The first to fourth trumpets -- Summary of allusions -- Most likely interpretations -- Judgment and mercy -- Symbolism of the trumpets -- Final interpretation -- Chapter V. Parallels in Revelation -- Nature of the seven trumpets -- Old and New Testament background -- Parallels in contemporary literature and time -- Summary and interpretation -- Conclusion -- Bibliography.</subfield>
  </datafield>
  <datafield tag="630" ind1="1" ind2="4">
    <subfield code="a">Biblia.</subfield>
    <subfield code="p">Apocalipsis</subfield>
    <subfield code="x">Cr&#xED;tica, interpretaci&#xF3;n, etc.</subfield>
    <subfield code="9">1752</subfield>
  </datafield>
  <datafield tag="630" ind1="2" ind2="4">
    <subfield code="a">Biblia.</subfield>
    <subfield code="p">Apocalipsis 8: 7&#x2013;12</subfield>
    <subfield code="x">Cr&#xED;tica, interpretaci&#xF3;n, etc.</subfield>
    <subfield code="9">1645</subfield>
  </datafield>
  <datafield tag="830" ind1=" " ind2="0">
    <subfield code="a">Andrews University Seminary doctoral dissertation series ;</subfield>
    <subfield code="v">11.</subfield>
  </datafield>
  <datafield tag="942" ind1=" " ind2=" ">
    <subfield code="2">ddc</subfield>
    <subfield code="c">BK</subfield>
  </datafield>
  <datafield tag="980" ind1=" " ind2=" ">
    <subfield code="8">18226</subfield>
    <subfield code="g">Jaime Vilcaz&#xE1;n Jefe de An&#xE1;lisis Documental</subfield>
  </datafield>
  <datafield tag="999" ind1=" " ind2=" ">
    <subfield code="c">27858</subfield>
    <subfield code="d">27858</subfield>
  </datafield>
  <datafield tag="952" ind1=" " ind2=" ">
    <subfield code="r">2025-12-03 00:00:00</subfield>
    <subfield code="i">6</subfield>
    <subfield code="l">1</subfield>
    <subfield code="o">228.06 P327d</subfield>
    <subfield code="p">48684</subfield>
    <subfield code="s">2025-07-21</subfield>
    <subfield code="t">e1</subfield>
    <subfield code="w">2015-06-24</subfield>
    <subfield code="x">FACTEO</subfield>
    <subfield code="y">BK</subfield>
    <subfield code="z">inventario-2023-12-13</subfield>
    <subfield code="1">0</subfield>
    <subfield code="2">ddc</subfield>
    <subfield code="3">v2</subfield>
    <subfield code="5">0</subfield>
    <subfield code="7">0</subfield>
    <subfield code="8">GEN</subfield>
    <subfield code="f">P35</subfield>
    <subfield code="a">BUL</subfield>
    <subfield code="b">BUL</subfield>
    <subfield code="c">GEN</subfield>
    <subfield code="d">2015-06-24</subfield>
    <subfield code="e">COMPRA</subfield>
  </datafield>
</record>
